Convención sobre los derechos del niño: aprobada por la Asamblea General de las Naciones Unidas /

Shranjeno v:
Bibliografske podrobnosti
Autores Corporativos: Naciones Unidas, UNICEF
Format: Texto
Izdano: Santiago: UNICEF
Oznake: Označite
Brez oznak, prvi označite!

MARC

LEADER 00000 a a2200000 04500
001 23564
003
040
090 |a 164800  
110 |a Naciones Unidas  
245 |a Convención sobre los derechos del niño: aprobada por la Asamblea General de las Naciones Unidas /  |c Naciones Unidas  
260 |a Santiago:   |b UNICEF  
300 |a 22 p.  
710 |a UNICEF  
999 |c 16431  |d 16431